000 00425nam a2200181Ia 4500
001 9303
005 20260306161708.0
008 260306t2000||||xx |||||||||||||| ||spa||
041 _aESP
082 _a378.1
_bB27
100 _aBates, A. W.
_eAUT
245 0 _aCómo gestionar el cambio tecnológico
260 _c2000
300 _a286 páginas :
_c22 cm.
650 _aGEN
654 _aCED
942 _cLIB
_dJUS
_fJUS
_2ddc
_n
999 _c9303
_d9303